000 00857nam a2200241 i 4500
001 bg
245 0 0 _aTempus.
_nCz.2,
_pProjekty współpracy międzyuczelnianej w polskich szkołach wyższych /
_cBiuro TEMPUS, Fundacja Rozwoju Systemu Edukacji.
260 _aWarszawa :
_bFRSE,
_c2000.
300 _a203 s. ;
_c30 cm.
650 9 _aUnia Europejska a Polska
_xnauka
650 9 _aNauka
_xfinanse
_zPolska
_yod 1989 r.
650 9 _aSzkolnictwo wyższe
_xfinanse
_zPolska
_yod 1989 r.
650 9 _aPHARE
_zPolska
650 9 _aPostęp techniczny
_xfinanse
_zPolska
_yod 1989 r.
650 9 _aWspółpraca naukowo-techniczna
_zEuropa
_yod 1989 r.
020 _a8387716065
040 _cBPK
041 0 _apl
080 _a001.89:62::008:378](438)"1989/...":339.7(4-67)
920 _a83-87716-06-5
942 _cKS
008 s pl f |000 0 pol
999 _c35677
_d35677
856 _uhttp://koha.tu.koszalin.pl/cgi-bin/koha/opac-detail.pl?biblionumber=35677
_yKatalog online BPK